SPSS 13.0 : SPSS for Windows Step by Step (Record no. 157)
[ view plain ]
| 000 -LEADER | |
|---|---|
| fixed length control field | 00214 a2200085 4500 |
| 020 ## - INTERNATIONAL STANDARD BOOK NUMBER | |
| International Standard Book Number | 7506282194 |
| 082 ## - DEWEY DECIMAL CLASSIFICATION NUMBER | |
| Classification number | 005.369 GEO |
| 245 ## - TITLE STATEMENT | |
| Title | SPSS 13.0 : SPSS for Windows Step by Step |
| 260 ## - PUBLICATION, DISTRIBUTION, ETC. | |
| Place of publication, distribution, etc. | ASIA |
| Name of publisher, distributor, etc. | Pearson Education |
| Date of publication, distribution, etc. | 2005 |
| 300 ## - PHYSICAL DESCRIPTION | |
| Extent | 386 . |
| Dimensions | 25 cm |
| Withdrawn status | Lost status | Damaged status | Not for loan | Permanent Location | Current Location | Shelving location | Date acquired | Total Checkouts | Full call number | Barcode | Date last seen | Date last checked out | Price effective from | Koha item type |
|---|---|---|---|---|---|---|---|---|---|---|---|---|---|---|
| School of Civil and Environmental Engineering (SCEE) | School of Civil and Environmental Engineering (SCEE) | 1 | 005.369 GEO | NIT-3631 | 01/13/2020 | 08/26/2019 | 01/05/2017 | Book |
